00333nam a2200121Ia 4500008004100000041000800041082001700049100001800066245004500084260004200129300003100171365000900202240624s9999 xx 000 0 und d aeng a658.4052 ROS aROSS GEORGE H aTRUMP STYLE NEGOTIATION POWERFUL STRATEG c2006aNew JerseybJohn Wiley and Sons axix, : 268 : p. : cm. ; 24 cb28